00882nam a2200253 i 450000100060000000300090000600500170001500700030003200800410003502000180007604000220009408000310011608000330014710000310018024501180021126000470032930000210037649000370039750000430043450400400047760000410051783000370055885200330059553962ES-MaACL20231227143752.0t|031119s2001 sp ||||0| spa d a84-7491-641-0 aM-BN bspa cM-BN a1 Sanz del Río, Julián a929 Sanz del Río, Julián1 aOrden Jiménez, Rafael V.10aSanz del Río en la Universidad Central b: los años de formación (1837-1854) / cRafael V. Orden Jiménez. aMadrid : bEditorial Complutense, c[2001] a215 p ; c24 cm.1 aPhilosophica Complutensia ; v16 aIncluye (p. 127-206) anexo documental. aBibliografía: p. 207-210. Indice.14aSanz del Río, Julián,d1814-18690 aPhilosophica Complutensia ; v16 aES-MaACLjL-26728 bR.131433